000 00410nam a22001697a 4500
003 MPLRDC
005 20220104124315.0
008 210129b ||||| |||| 00| 0 eng d
082 _a490.8 SYR v.69a
100 _a平洲编著
245 _a库存管理的知识与实务
_c
260 _a
_b国家出版社
_c
300 _b
490 _a生意人丛刊;69
650 _a
942 _cBK
_o490.8 SYR v.69a
999 _c18297
_d18287